Les cités Grecques à l'époque archaïque : personnages - Statistiques

Statistiques générales
  • Ce quiz a été pris 37 fois
    22 depuis la dernière actualisation
  • Le résultat moyen est 17 sur 68
Statistiques - réponses
Hint Réponse % Correct
Guerrier grec, invincible sauf au talon, protagoniste de l’Iliade. Achiille
81%
Poète épique, auteur présumé de l’Iliade et de l’Odyssée. Homère
81%
Déesse grecque de l’amour et de la beauté. Aphrodite
69%
Roi légendaire de Crète, lié au mythe du Labyrinthe et du Minotaure. Minos
69%
Créature mythique enfermée dans le Labyrinthe, mi-homme mi-taureau. Minotaure
69%
Roi des dieux grecs, associé au ciel et à la foudre. Zeus
69%
Inventeur mythologique, créateur du Labyrinthe. Dédale
56%
Héros troyen, symbole du courage dans l’Iliade. Hector
56%
Compagnon fidèle d’Achille, tué par Hector. Patrocle
56%
Réformateur athénien, législateur du VIᵉ siècle av. J.-C. Solon
56%
Héros grec, tueur du Minotaure et roi légendaire d’Athènes. Thésée
56%
Roi de Mycènes, chef des Grecs dans la guerre de Troie. Agamemnon
44%
Dieu grec des arts, de la lumière et des oracles. Apollon
44%
Héros mythologique célèbre pour ses Douze Travaux. Héraclès
44%
Tyran d’Athènes, connu pour ses réformes et son mécénat. Pisistrate
38%
Disciple de Thalès, célèbre pour sa théorie cosmologique. Anaximandre
31%
Réformateur démocratique athénien, instigateur de l’isonomie. Clisthène
31%
Tragédien grec, souvent considéré comme le père de la tragédie. Eschyle
31%
Poète grec, auteur des Travaux et les Jours. Hésiode
31%
Père d’Œdipe, roi de Thèbes, figure clé du mythe. Laïos
31%
Roi de Sparte, époux d’Hélène et participant à la guerre de Troie. Ménélas
31%
Roi tragique de Thèbes, célèbre pour avoir accompli la prophétie fatale. Œdipe
31%
Fils d’Ulysse et de Pénélope, personnage de l’Odyssée. Télémaque
31%
Philosophe présocratique, pionnier de la philosophie naturelle. Thalès
31%
Premier roi mythique d’Athènes, mi-homme, mi-serpent. Cécrops
25%
Législateur légendaire de Sparte, fondateur présumé de sa constitution. Lycurgue
25%
Prêtresse de Delphes, consultée pour des oracles. Pythie
25%
Roi des Phéaciens dans l’Odyssée, bienfaiteur d’Ulysse. Alcinoos
19%
Captive troyenne offerte à Agamemnon dans l’Iliade. Chryseis
19%
Chef athénien, auteur d’une tentative manquée de tyrannie. Cylon
19%
Roi légendaire d’Athènes, lié aux cultes héroïques. Erechtée
19%
Frère d’Hippias, assassiné par Harmodios et Aristogiton. Hipparque
19%
Fils de Pisistrate, dernier tyran d’Athènes, chassé en 510 av. J.-C. Hippias
19%
Tyran de Corinthe, célèbre pour sa montée au pouvoir. Kypsélos
19%
Mère de Kypsélos, échappe à une tentative de meurtre. Labda
19%
Roi des Ségobriges, cité dans la fondation de Marseille. Nanos
19%
Phocéen, fondateur de Marseille selon les récits antiques. Prôtis
19%
Pharaon égyptien connu pour sa victoire contre les Peuples de la Mer. Ramsès III
19%
Linguiste ayant déchiffré le linéaire B. Ventris
19%
Poète lyrique de Lesbos, célèbre pour ses œuvres politiques et personnelles. Alcée
13%
Poète grec lyrique et satirique, pionnier de l’écriture personnelle. Archiloque
13%
Historien, auteur de "The World of Odysseus". Finley
13%
Historien, auteur de "La Cité antique". Fustel de Coulanges
13%
Fille du roi Nanos, épouse de Prôtis dans le récit fondateur. Gyptis
13%
Déesse grecque de la sagesse et protectrice d’Athènes. Pallas Athèna
13%
Chercheur sur la composition orale des épopées homériques. Parry
13%
Tyran de Samos, connu pour sa puissance maritime. Polycrate
13%
Poète spartiate connu pour ses chants patriotiques. Tyrtée
13%
Roi mythologique d’Argos, figure de l’épopée des Sept contre Thèbes. Adraste
6%
Pharaon égyptien bienveillant envers les Grecs. Amasis
6%
Conseiller troyen réputé pour sa sagesse dans l’Iliade. Anténor
6%
Fondateur légendaire de Cyrène, en Afrique du Nord. Battos
6%
Historien des réformes et des tyrannies grecques. Bernhardt
6%
Collaborateur de Ventris dans l’étude du linéaire B. Chadwick
6%
Archéologue ayant découvert Troie et Mycènes. Heinrich Schliemann
6%
Tribu athénienne mentionnée dans des documents anciens. Hippothontis
6%
Citoyen athénien impliqué dans un décret politique. Kharinos
6%
Historienne spécialisée dans la Grèce archaïque. Langdon
6%
Chef de la famille des Alcméonides, impliqué dans l’affaire Cylon. Megaclès
6%
Historien spécialiste des sociétés archaïques grecques. Morris
6%
Personnage mineur, mentionné dans des textes historiques. Patrocleidès
6%
Peuple mythique de la Grèce préhellénique. Pélasges
6%
Tyran de Corinthe, reconnu comme l’un des Sept Sages. Périandre
6%
Roi mythologique de l’Argolide, souvent vu comme le premier homme civilisé. Phoroneus
6%
Chercheur sur la royauté grecque archaïque. Pierre Carlier
6%
Spécialiste des périodes obscures grecques. Schnapp-Gourbeillon
6%
Fondateur mythique de Tarente, en Grande-Grèce. Phalantos
0%
Historien étudiant l’économie et les institutions grecques. Zurbach
0%
Aucun quiz correspondant
Distribution des résultats
% des personnes avec chaque résultat
Percentile par nombre de réponses
Votre historique - résultats
Vous n’avez pas pris ce quiz depuis la dernière actualisation